Catálogo
Digital

Catálogo
Digital

Biblioteca del fútbol ecuatoriano. Volúmenes I al V. (Record no. 14348)

MARC details
000 -CABECERA
campo de control de longitud fija 02811nam a2200325 4500
003 - IDENTIFICADOR DEL NÚMERO DE CONTROL
campo de control EC-UNACH
005 - FECHA Y HORA DE LA ÚLTIMA TRANSACCIÓN
campo de control 20260414135005.0
006 - CÓDIGOS DE INFORMACIÓN DE LONGITUD FIJA--CARACTERÍSTICAS DEL MATERIAL ADICIONAL
campo de control de longitud fija s||||gr|||| 00| 00
008 - DATOS DE LONGITUD FIJA--INFORMACIÓN GENERAL
campo de control de longitud fija 150116t9999 mx r gr 000 0 spa d
020 ## - NÚMERO INTERNACIONAL ESTÁNDAR DEL LIBRO
Número Internacional Estándar del Libro 978-9978-671-14-6
040 ## - FUENTE DE LA CATALOGACIÓN
Centro catalogador/agencia de origen EC-UNACH
Centro/agencia transcriptor EC-UNACH
041 ## - CÓDIGO DE LENGUA
Código de lengua del texto/banda sonora o título independiente spa
082 04 - NÚMERO DE LA CLASIFICACIÓN DECIMAL DEWEY
Número de edición 23
Número de clasificación 796.334
Número de documento/Ítem L018571
100 ## - ENTRADA PRINCIPAL--NOMBRE DE PERSONA
Nombre de persona Carrión M., Fernando
245 ## - MENCIÓN DE TÍTULO
Título Biblioteca del fútbol ecuatoriano. Volúmenes I al V.
Resto del título Volumen I. Área de candela: fútbol y literatura. Volumen II. Con sabor a gol: fútbol y periodismo. Volumen III. Mete gol... gana: fútbol y economía. Volumen IV. Quema de tiempo y área chica: fútbol e historia. Volumen V. El jugador número 12: fútbol y sociedad.
250 ## - MENCIÓN DE EDICIÓN
Mención de edición Primera edición
264 ## - Producción, publicación, distribución, fabricación y copyright
Lugar de producción, publicación, distribución, fabricación Quito, Ecuador
Nombre del de productor, editor, distribuidor, fabricante FLACSO Ecuador; Municipio del Distrito Metropolitano de Quito; Empresa Pública Metropolitana de Agua Potable y Saneamiento; Diario El Comercio
Fecha de de producción, publicación, distribución, fabricación o copyright 2006
300 ## - DESCRIPCIÓN FÍSICA
Extensión 5 volúmenes (1201 páginas en total). Vol. I: 237 p.; Vol. II: 243 p.; Vol. III: 231 p.; Vol. IV: 228 p.; Vol. V: 262 p.
Otras características físicas ilustraciones
Dimensiones 17 x 23 cm.
500 ## - NOTA GENERAL
Nota general La Biblioteca del fútbol ecuatoriano es una obra colectiva que analiza el fútbol como fenómeno social, cultural, histórico y político en el Ecuador. A lo largo de cinco volúmenes, especialistas de diversas disciplinas examinan el papel del fútbol en la construcción de identidades, las dinámicas urbanas, la economía del deporte, los medios de comunicación, la literatura y la memoria histórica. La obra se distancia de una visión meramente deportiva para situar al fútbol como un campo de producción simbólica y de disputa social, donde convergen procesos de modernización, nacionalismo, mercado y cultura popular. Publicada por FLACSO Ecuador, esta colección constituye una referencia fundamental para los estudios sociales del deporte en América Latina y es un recurso clave para investigadores, estudiantes y lectores interesados en comprender el impacto del fútbol en la sociedad ecuatoriana contemporánea.
505 ## - NOTA DE CONTENIDO CON FORMATO
Nota de contenido con formato Volumen I. Área de candela: fútbol y literatura. Autor: Raúl Pérez Torres.-- Volumen II. Con sabor a gol: fútbol y periodismo. Autor: Kintto Lucas.-- Volumen III. Mete gol... gana: fútbol y economía. Autor: Pablo Samaniego Ponce.-- Volumen IV. Quema de tiempo y área chica: fútbol e historia. Fernando Carrión M.-- Volumen V. El jugador número 12: fútbol y sociedad. Autor: Fernando Carrión M.
650 ## - PUNTO DE ACCESO ADICIONAL DE MATERIA--TÉRMINO DE MATERIA
Término de materia o nombre geográfico como elemento inicial Fútbol - Aspectos sociales - Ecuador
650 ## - PUNTO DE ACCESO ADICIONAL DE MATERIA--TÉRMINO DE MATERIA
Término de materia o nombre geográfico como elemento inicial Deportes - Sociología - Ecuador
650 ## - PUNTO DE ACCESO ADICIONAL DE MATERIA--TÉRMINO DE MATERIA
Término de materia o nombre geográfico como elemento inicial Identidad cultural - Ecuador
942 ## - ELEMENTOS DE PUNTO DE ACCESO ADICIONAL (KOHA)
Fuente del sistema de clasificación o colocación Clasificación Decimal Dewey
Tipo de ítem Koha Libros
999 ## - NÚMEROS DE CONTROL DE SISTEMA (KOHA)
Koha biblionumber 14348
Holdings
Estado de pérdida Fuente del sistema de clasificación o colocación Estado dañado No para préstamo Localización permanente Ubicación/localización actual Ubicación en estantería Fuente de adquisición Número de inventario Total de préstamos Signatura topográfica completa Código de barras Tipo de ítem Koha Estado de retiro Centro de costos
  Clasificación Decimal Dewey     Biblioteca Campus Norte Biblioteca Campus Norte Comunicación Transitoria segunda Resolución N°0311-CU-UNACH-SE-ORD-16-09-24 39933171   796.334 CAR L018571 L018571 Libros    

Powered by Koha